[Event "23rd ETCC Open 2021"]
[Site "Catez"]
[Date "2021.11.13"]
[Round "2.2"]
[White "Nguyen, Thai Dai Van"]
[Black "Dubov, Daniil"]
[Result "1/2-1/2"]
[WhiteElo "2594"]
[BlackElo "2714"]
[Annotator "TA"]
[PlyCount "80"]
[EventDate "2021.11.08"]
[EventType "team-tourn"]
[EventCountry "SLO"]
[SourceTitle "playchess.com"]
[Source "ChessBase"]
[SourceQuality "1"]
[WhiteTeam "Czech Republic"]
[BlackTeam "Russia"]
[WhiteTeamCountry "CZE"]
[BlackTeamCountry "RUS"]

{[%evp 17,80,28,59,10,31,11,21,12,12,19,39,-20,-10,-16,68,66,103,102,89,0,0,0,
0,0,7,0,0,0,0,0,0,-16,0,0,0,0,0,0,0,0,0,0,0,0,0,0,0,0,0,0,0,0,0,0,0,0,0,0,0,0,
0,0,0,0,0]} 1. e4 e5 2. Nf3 Nc6 3. Bb5 a6 4. Ba4 Nf6 5. O-O b5 6. Bb3 Bc5 7. a4
{[%cal Ba2a4,Ba4a5][%mdl 32]} Rb8 8. c3 d6 9. d4 Bb6 10. a5 {C78: Ruy Lopez:
Archangelsk and Möller Defences.} Ba7 ({Avoid the trap} 10... Bxa5 $2 11. dxe5
(11. d5 Ne7 $18) 11... dxe5 12. Qxd8+ Kxd8 13. Bd5 $18 (13. Bxf7 Bb6 $16)) 11.
h3 O-O 12. Be3 exd4 13. cxd4 Ne7 14. e5 (14. Qc2 $14) 14... Nfd5 $11 15. Bg5 {
Hoping for Bxd5.} Bb7 (15... h6 $11 16. Nc3 hxg5 17. Nxd5 (17. Bxd5 $2 b4 $17)
17... g4 18. hxg4 Bxg4) 16. Nc3 $14 Qd7 {[#]} 17. Re1 $1 Rbe8 {[#]} 18. Bxe7
$146 (18. Qd2 $16 c6 19. exd6 Qxd6 20. Ne4) ({Predecessor:} 18. Ne4 Ng6 19. h4
Qg4 20. Nh2 Qxd1 21. Raxd1 h6 22. Bxh6 Nxh4 23. exd6 Nxg2 24. d7 {1-0 (42) Pap,
M (2431)-Kalogeris,I (2307) Belgrade 2021}) 18... Nxc3 $11 {The position is
equal.} 19. bxc3 Rxe7 20. Qd3 g6 21. Rad1 Kg7 22. c4 Rfe8 23. cxb5 axb5 24. Qc3
b4 25. Qxb4 Bxf3 26. gxf3 Qxh3 27. exd6 Re5 28. Rxe5 Rxe5 29. dxe5 Qg3+ {
[%mdl 64] [#] Double Attack} 30. Kh1 Qxf3+ 31. Kh2 Qxf2+ 32. Kh1 Qf3+ (32...
Qg3 $5 33. Qd2 $8 Qh3+ 34. Qh2 Qxb3 $11) 33. Kh2 Qf2+ 34. Kh1 Qg3 {[%cal Rg3h3]
} 35. Qd2 Bf2 {[%cal Rg3h3]} 36. Qd3 {Threatens to win with Qxg3.} Be3 {
( -> ...Qh3#)} 37. Qxe3 Qxe3 38. d7 Qxb3 39. d8=Q Qh3+ 40. Kg1 {Black must now
prevent Qf6+.} Qg3+ {Weighted Error Value: White=0.13/Black=0.08} 1/2-1/2

[Event "23rd ETCC Open 2021"]
[Site "Catez"]
[Date "2021.11.13"]
[Round "2.3"]
[White "Artemiev, Vladislav"]
[Black "Zilka, Stepan"]
[Result "1-0"]
[WhiteElo "2699"]
[BlackElo "2593"]
[Annotator "TA"]
[PlyCount "87"]
[EventDate "2021.11.08"]
[EventType "team-tourn"]
[EventCountry "SLO"]
[SourceTitle "playchess.com"]
[Source "ChessBase"]
[SourceQuality "1"]
[WhiteTeam "Russia"]
[BlackTeam "Czech Republic"]
[WhiteTeamCountry "RUS"]
[BlackTeamCountry "CZE"]

{[%evp 9,86,20,21,14,14,14,11,10,9,12,30,17,11,22,2,5,29,29,38,27,27,29,34,27,
29,25,54,54,76,76,117,121,143,127,125,58,87,106,85,73,85,89,122,127,210,209,
200,197,205,205,216,201,193,206,258,258,217,251,255,248,235,235,251,256,241,
234,261,286,384,386,373,318,420,411,466,458,29998,29999,29999]} 1. c4 e6 2. g3
d5 3. Bg2 d4 4. Nf3 Nf6 5. d3 Bb4+ 6. Bd2 {A13: English Opening: 1...e6.} a5 7.
O-O Nc6 8. e3 {The position is equal.} O-O 9. exd4 {[#]} Bxd2 $146 ({
Predecessor:} 9... Nxd4 10. Nc3 Nxf3+ 11. Qxf3 c6 12. Rfe1 e5 13. Rxe5 Bg4 14.
Qe3 h6 15. h3 Bd6 {1/2-1/2 (84) Donchenko,A (2646)-Fridman,D (2615) Playchess.
com INT 2020}) 10. Nbxd2 Nxd4 11. Nxd4 Qxd4 {[%mdl 64] Double Attack} 12. Qc2
Ra6 13. Nf3 Qa7 14. d4 Rd6 15. c5 Rdd8 16. Rfd1 Bd7 17. Ne5 Bb5 18. Qb3 c6 19.
a4 $1 {[%cal Ra4b5]} Ba6 20. Qc3 $1 Be2 21. Rd2 Bh5 {[#]} 22. Re1 (22. Nc4 $1
$16) 22... Rfe8 23. Nc4 Ra8 24. h3 Bg6 25. g4 Nd5 26. Qg3 Qb8 (26... b6 $16)
27. Nd6 $18 Rd8 {[#]} 28. h4 $1 {[%cal Rh4h5] Strongly threatening h5.} h6 29.
h5 Bh7 30. Bxd5 cxd5 31. Re3 Ra6 32. g5 hxg5 33. Qxg5 f6 34. Qg3 Raxd6 35. cxd6
$40 {[%mdl 128] White is out for blood.} Qxd6 36. Qxd6 Rxd6 {[%mdl 4096]
Endgame KRR-KRB} 37. Rc3 Bf5 38. Rc7 Bg4 39. h6 gxh6 40. Rxb7 e5 41. Ra7 e4 42.
Rc2 {Rcc7 is the strong threat.} f5 (42... Rd7 $18) 43. Rc8+ Rd8 44. Rxd8# {
Weighted Error Value: White=0.03/Black=0.39} 1-0

[Event "23rd ETCC Open 2021"]
[Site "Catez"]
[Date "2021.11.13"]
[Round "2.4"]
[White "Plat, Vojtech"]
[Black "Esipenko, Andrey"]
[Result "0-1"]
[WhiteElo "2548"]
[BlackElo "2713"]
[Annotator "TA"]
[PlyCount "78"]
[EventDate "2021.11.08"]
[EventType "team-tourn"]
[EventCountry "SLO"]
[SourceTitle "playchess.com"]
[Source "ChessBase"]
[SourceQuality "1"]
[WhiteTeam "Czech Republic"]
[BlackTeam "Russia"]
[WhiteTeamCountry "CZE"]
[BlackTeamCountry "RUS"]

{[%evp 19,77,7,17,22,22,15,20,0,0,0,0,-16,-8,-27,-25,-41,-36,-29,-16,-62,-68,
-41,-71,-83,-75,-78,-59,-58,-37,-49,-43,-70,-38,-46,-39,-61,-45,-95,-95,-100,
-90,-88,-83,-82,-61,-105,-118,-82,-76,-299,-280,-260,-316,-2294,-2043,-29997,
-29998,-29998,-29999,-29999]} 1. d4 Nf6 2. c4 e6 3. Nc3 Bb4 4. Nf3 d5 5. e3 O-O
6. Bd2 b6 7. cxd5 exd5 8. Bd3 Bb7 9. Rc1 a6 10. O-O Bd6 11. Ne5 {E52:
Nimzo-Indian: Rubinstein: 4...0-0 5 Nf3 d5 6 Bd3 b6.} c5 12. f4 Nc6 13. Be1 {
The position is equal.} cxd4 14. Nxc6 Bxc6 15. Ne2 Bd7 16. Nxd4 Re8 {[#]} 17.
Bd2 $146 ({Predecessor:} 17. Qf3 Qe7 18. Bd2 Bc5 19. Rfe1 Bxd4 20. exd4 Ne4 21.
Bxe4 dxe4 22. Qe3 Qe6 23. a3 {1/2-1/2 (42) Ding,L (2791)-Firouzja,A (2728)
chess24.com INT 2020}) 17... Bc5 18. Re1 Ne4 19. b4 Bxd4 20. exd4 Bf5 21. Bf1
b5 22. Be3 Nd6 23. Rc5 Be4 24. a4 Qd7 25. a5 Re6 26. Bf2 Rae8 27. Bg3 Nf5 28.
Qd2 h5 ({Much weaker is} 28... Nxg3 29. hxg3 h5 30. Rec1 $11) 29. Rec1 h4 30.
Bf2 Rg6 {Strongly threatening ...Bxg2!} 31. R1c3 Qe6 32. Qe2 Qd6 33. Qd2 Ree6
34. g3 $2 {Now White is beyond hope.} (34. Rc8+ $17 Kh7 35. Ra8) 34... hxg3 $19
35. hxg3 Qe7 36. Bh3 $2 {[#]} (36. Bg2 Bxg2 37. Rc7) 36... Qh4 $1 {[%cal Rh4h3]
} 37. Kh2 {[#]} Qxh3+ $3 {[%mdl 512] Black mates.} 38. Kxh3 Rh6+ 39. Kg4 Reg6#
{Weighted Error Value: White=0.66/Black=0.04} 0-1

[Event "23rd ETCC Open 2021"]
[Site "Catez"]
[Date "2021.11.13"]
[Round "2.5"]
[White "Indjic, Aleksandar"]
[Black "Mamedyarov, Shakhriyar"]
[Result "0-1"]
[WhiteElo "2612"]
[BlackElo "2765"]
[Annotator "TA"]
[PlyCount "80"]
[EventDate "2021.11.08"]
[EventType "team-tourn"]
[EventCountry "SLO"]
[SourceTitle "playchess.com"]
[Source "ChessBase"]
[SourceQuality "1"]
[WhiteTeam "Serbia"]
[BlackTeam "Azerbaijan"]
[WhiteTeamCountry "SRB"]
[BlackTeamCountry "AZE"]

{[%evp 12,80,31,0,0,0,0,0,0,0,0,-12,-8,-7,29,-47,0,-85,-74,-102,-36,-35,-28,
-33,-28,-40,-33,-51,-35,-43,-44,-117,0,0,12,8,9,9,8,0,8,0,0,0,0,0,0,0,33,0,0,7,
27,0,0,0,0,0,0,-186,-196,-434,-180,-434,-417,-923,-874,-29977,-3779,-29975,
-29974]} 1. d4 d5 2. Nf3 c5 3. c4 e6 4. cxd5 exd5 5. Bg5 f6 6. Bf4 Nc6 7. Nc3
g5 {D32: Tarrasch Defence: Sidelines and lines without g3.} 8. Bg3 g4 9. Nd2
cxd4 {The position is equal.} 10. Nb5 Kf7 11. e4 dxe3 12. fxe3 {[#]} Nh6 $146 (
{Predecessor:} 12... Ne5 13. Be2 a6 14. O-O Kg7 15. Nd4 Bd6 16. Rc1 Ne7 17.
Bxe5 fxe5 18. Rxc8 Qxc8 19. Bxg4 {1-0 (33) Jacob,V (2280)-Lindoerfer,K (2217)
Imperia 2006}) 13. e4 (13. Bf4 $11) 13... dxe4 14. Qb3+ (14. Bc4+ $11 Kg6 15.
O-O (15. Nc7 Bb4 $15)) 14... Kg7 $1 $17 {Hoping for ...a6.} 15. O-O-O {[#]} Nd4
(15... Bb4 $1 $17 {...Nf5 is the strong threat.} 16. Nc4 Qf8) 16. Qa4 $15 Nxb5
17. Nxe4 Qe7 18. Bxb5 Bf5 19. Rd7 Bxd7 20. Bxd7 Rd8 21. Rd1 {[#]} (21. Bh4 $1
$15 Ng8 22. Rd1) 21... Qb4 (21... b5 $1 $17 {[%cal Rb5a4]} 22. Bxb5 Rxd1+ 23.
Kxd1 Nf5) 22. Qc2 $11 {And now Ng5! would win.} Be7 23. a3 Qa5 24. Kb1 Qh5 $1
25. Bc7 Qg6 26. Ka1 Nf7 27. Qe2 {Threatens to win with Ng3.} Ne5 28. Bxd8 Rxd8
({Reject} 28... Bxd8 29. Ng3 $16) 29. Ng3 Kf8 30. Bf5 Rxd1+ 31. Qxd1 Qh6 32.
Be6 (32. Qc2 $5 {[%cal Rc2c8]} Nc6 33. Bxh7 $11) 32... Qxh2 {[%mdl 64] Double
Attack} 33. Nf5 Qf4 (33... Qxg2 $5 34. Qc1 $8 Qc6 35. Qh6+ Ke8 $11) 34. Qc2 {
Threatening mate with Qc8+.} Nc6 {Strongly threatening ...Bxa3!} 35. Qd1 $2 {
[#]} (35. Qd3 $11) 35... Bxa3 $1 $19 {[%mdl 512] aiming for ...Qe5!} 36. Qb3 $2
(36. Bc8 Bc5 37. Bxb7) (36. Bd7 Be7) 36... Qc1+ 37. Ka2 Bc5 38. Qxb7 (38. Qc3
$142 Nb4+ 39. Kb3 Qd1+ 40. Kc4) 38... Nb4+ 39. Kb3 Qc2+ 40. Ka3 Nd5+ {Weighted
Error Value: White=0.59/Black=0.10} 0-1

[Event "23rd ETCC Open 2021"]
[Site "Catez"]
[Date "2021.11.13"]
[Round "2.6"]
[White "Radjabov, Teimour"]
[Black "Ivanisevic, Ivan"]
[Result "1/2-1/2"]
[WhiteElo "2763"]
[BlackElo "2604"]
[Annotator "TA"]
[PlyCount "94"]
[EventDate "2021.11.08"]
[EventType "team-tourn"]
[EventCountry "SLO"]
[SourceTitle "playchess.com"]
[Source "ChessBase"]
[SourceQuality "1"]
[WhiteTeam "Azerbaijan"]
[BlackTeam "Serbia"]
[WhiteTeamCountry "AZE"]
[BlackTeamCountry "SRB"]

{[%evp 11,94,17,14,5,25,25,26,31,32,32,35,35,45,50,48,33,22,22,28,18,27,28,18,
28,31,29,55,56,106,107,110,56,122,113,136,46,31,32,39,49,84,12,11,-8,-8,-8,-7,
-7,-6,-5,-8,-8,-8,-8,-3,-3,-4,-5,-6,-8,-8,-8,0,-8,-4,-8,-3,-8,-8,-8,-8,-8,0,0,
0,0,0,0,0,0,8,0,0,0,0]} 1. Nf3 d5 2. d4 Nf6 3. c4 e6 4. Nc3 Nbd7 5. cxd5 exd5
6. Bg5 c6 7. Qc2 {D51: Queen's Gambit Declined: 4 Bg5 Nbd7 sidelines.} h6 8.
Bh4 g5 9. Bg3 {White has an edge.} Nh5 10. O-O-O Nxg3 11. hxg3 Nb6 12. e4 Be6
13. Bd3 Qf6 14. e5 Qg7 15. Nh2 g4 16. Ne2 O-O-O 17. Nf4 {[#]} h5 $146 ({
Predecessor:} 17... Qg5 18. Kb1 h5 19. Nf1 Rh6 20. Ne3 Kb8 21. Nf5 Bxf5 22.
Bxf5 h4 23. Ne2 hxg3 24. Rxh6 Bxh6 25. Nxg3 {1-0 (52) Carlsen,M (2876)-Kuzubov,
Y (2636) Douglas 2019}) 18. Nf1 Qg5 19. Bh7 c5 20. Rxh5 Qe7 21. dxc5 (21. Ne3
$16) 21... Qxc5 (21... Nc4 $1 $14) 22. Ne3 $16 Nc4 {[#]} 23. Nfxd5 Kb8 $14 {
[%cal Rd8d5]} 24. Qxc4 Qxc4+ 25. Nxc4 Bxd5 {[#]} 26. Nd6 (26. a3 $1 $16) 26...
Bxa2 $11 {The position is equal.} 27. Rhh1 (27. f4 {with more complications.}
gxf3 28. gxf3 Bxd6 29. exd6 Rc8+ 30. Kd2) 27... Bg7 28. Bb1 Rxh1 29. Rxh1 Bxe5
{next ...Bd5 is good for Black.} 30. Bxa2 Rxd6 {[%mdl 4096] Endgame KRB-KRB}
31. f4 gxf3 32. gxf3 Rc6+ 33. Kb1 Rb6 34. Rh2 Bxg3 35. Rg2 Be5 36. Bxf7 a5 37.
Re2 Bd4 38. Ka2 Ka7 39. f4 Rf6 40. Bd5 Rf5 41. Bg2 b5 42. Re4 Bf6 43. Bf1 Rh5
44. Re6 Bd4 45. Bd3 a4 46. f5 Rh2 47. Re2 Rxe2 {Weighted Error Value: White=0.
10/Black=0.06} 1/2-1/2

[Event "23rd ETCC Open 2021"]
[Site "Catez"]
[Date "2021.11.13"]
[Round "2.7"]
[White "Markus, Robert"]
[Black "Guseinov, Gadir"]
[Result "1/2-1/2"]
[WhiteElo "2609"]
[BlackElo "2665"]
[Annotator "TA"]
[PlyCount "91"]
[EventDate "2021.11.08"]
[EventType "team-tourn"]
[EventCountry "SLO"]
[SourceTitle "playchess.com"]
[Source "ChessBase"]
[SourceQuality "1"]
[WhiteTeam "SRB"]
[BlackTeam "AZE"]
[WhiteTeamCountry "SRB"]
[BlackTeamCountry "AZE"]

{[%evp 10,91,24,21,25,25,25,34,17,21,28,17,17,14,18,25,37,29,41,20,39,14,0,4,8,
-7,0,-14,39,45,59,47,32,0,0,0,0,0,0,0,0,0,3,0,0,0,3,0,0,0,0,0,0,0,0,0,0,0,0,0,
0,0,0,0,0,0,0,0,0,0,0,0,0,0,0,0,0,0,0,0,0,0,0,0]} 1. d4 d5 2. c4 c6 3. Nc3 Nf6
4. e3 Bf5 5. cxd5 cxd5 6. Qb3 Nc6 {D10: Slav Defence: 3 cxd5 (without early
Nf3) and 3 Nc3.} 7. Qxb7 Bd7 $1 {Threatening ...Rb8.} 8. Qb3 Rb8 {White is
slightly better.} 9. Qd1 e5 10. Nf3 Bd6 11. dxe5 Nxe5 12. Be2 O-O 13. O-O Qe7
14. a4 $1 {[%mdl 4] now scores much better than the old 14.Nd4.} Rfc8 {[#]} 15.
g3 $146 ({Predecessor:} 15. Nd4 Bb4 16. Bd2 Nc4 17. Bxc4 dxc4 18. Qc2 Bd6 19.
h3 a6 20. Rae1 Bc5 21. Bc1 {1-0 (38) Mamedyarov,S (2782)-Van Foreest,J (2698)
Chess24.com INT 2021}) 15... Bh3 16. Re1 Bb4 17. Nxe5 Qxe5 18. Bd2 Ne4 (18...
Bc5 $11) 19. Nxe4 $14 dxe4 20. Bxb4 Rxb4 21. Rb1 (21. b3 {looks sharper.} g6
22. Ba6 Rcb8 23. Bc4 Be6 24. Rc1) 21... Rxb2 {The position is equal.} 22. Rxb2
Qxb2 23. Bg4 Bxg4 24. Qxg4 {[%cal Rg4c8][%mdl 64] [#] Double Attack} Rc1 25.
Rxc1 Qxc1+ $11 {[%mdl 4096] Endgame KQ-KQ} 26. Kg2 Qc6 $1 27. Qf4 {White
threatens Qb8+ and mate.} Qb7 28. Qd6 {[%cal Rd6d8] [#]} (28. g4 {seems wilder.
} g6 29. Qd6 h6 30. Qd8+ Kh7 31. Qd4) 28... h5 29. h3 (29. a5 {is interesting.}
a6 30. Qd8+ Kh7 31. Qb6 Qc8 32. Qb3) 29... a6 30. Qe5 (30. Qd8+ {is more
complex.} Kh7 31. Qh4 Qd5 32. g4 Kh6 33. gxh5 Qg5+ 34. Qg4) 30... Qc6 31. a5 g6
32. Qb8+ Kg7 33. Qb6 Qc4 34. Qd6 Kh7 35. Qf6 Kg8 36. Qe5 Kh7 37. g4 hxg4 38.
hxg4 Kg8 39. Kg3 Kh7 40. g5 Kg8 41. Kf4 Qc2 42. Kg3 Qc4 43. Qe8+ Kg7 44. Qe5+
Kg8 45. Kf4 Qc2 46. Kg3 {Weighted Error Value: White=0.03/Black=0.04} 1/2-1/2

[Event "23rd ETCC Open 2021"]
[Site "Catez"]
[Date "2021.11.13"]
[Round "2.8"]
[White "Abasov, Nijat"]
[Black "Perunovic, Milos"]
[Result "1-0"]
[WhiteElo "2634"]
[BlackElo "2541"]
[Annotator "TA"]
[PlyCount "85"]
[EventDate "2021.11.08"]
[EventType "team-tourn"]
[EventCountry "SLO"]
[SourceTitle "playchess.com"]
[Source "ChessBase"]
[SourceQuality "1"]
[WhiteTeam "AZE"]
[BlackTeam "SRB"]
[WhiteTeamCountry "AZE"]
[BlackTeamCountry "SRB"]

{[%evp 14,85,31,31,35,35,30,25,42,35,49,46,47,29,32,29,37,44,36,29,26,21,28,16,
15,0,54,48,39,19,68,69,56,60,55,64,92,94,92,49,114,112,126,139,192,181,192,165,
150,161,191,189,176,191,180,157,216,183,220,218,239,214,266,201,265,268,305,
265,331,295,452,400,455,427]} 1. e4 c5 2. Nf3 Nc6 3. Nc3 e5 4. Bc4 Be7 5. d3 d6
6. Nd2 Nf6 7. Nf1 O-O 8. Ne3 Nd7 {B30: Sicilian: 2...Nc6 3 Bb5, lines without .
..g6.} 9. O-O Nb6 10. Ned5 Nxc4 {White has an edge.} 11. dxc4 Bg5 {[#]} 12. Qd3
$146 ({Predecessor:} 12. Qh5 Bxc1 13. Raxc1 f5 14. f4 fxe4 15. fxe5 Rxf1+ 16.
Rxf1 Nxe5 17. h3 Be6 18. Nxe4 h6 19. b3 Bxd5 20. cxd5 Qe7 {1/2-1/2 (20) Xu,Y 
(2485)-Nataf,I (2569) Moscow 2004}) 12... Be6 13. a4 Kh8 14. b3 Nd4 15. Bxg5
Qxg5 16. f4 exf4 17. Nxf4 a6 18. Nce2 Nxe2+ 19. Qxe2 Rae8 (19... Bd7 $11) 20.
Qd3 $14 Qe5 21. h3 Bd7 22. Rad1 Bc6 23. Qxd6 Qxe4 24. Rf2 Qe3 25. Nd3 Rd8 26.
Qf4 (26. Qc7 {feels hotter.} f6 27. Re1 Qd4 28. Re7 Rg8 29. Kh2) 26... Qd4 (
26... Qxf4 $14 27. Rxf4 Kg8) 27. Qxd4 $16 cxd4 28. Ne5 f5 (28... f6 $16 29. Nf3
(29. Nxc6 bxc6 30. Rf5 Rd6 $16) 29... Kg8) 29. c3 $18 d3 ({Don't go for} 29...
dxc3 $2 {[#]} 30. Nf7+ $1 {[%mdl 512]} Kg8 31. Nxd8 $18) 30. Rxd3 Rxd3 31. Nxd3
{[%mdl 4096] Endgame KRB-KRN} g6 32. Ne5 Be4 33. Rd2 Kg7 34. Kf2 g5 (34... Re8
$16) 35. Rd6 f4 36. Nf3 h6 37. Re6 Bb1 38. c5 Rf7 39. Nd4 Bd3 40. Kf3 h5 41.
Rb6 Bg6 (41... Kg8 {might work better.} 42. a5 Rd7) 42. a5 Re7 43. Ne6+ {
Weighted Error Value: White=0.12/Black=0.28} 1-0

[Event "23rd ETCC Open 2021"]
[Site "Catez"]
[Date "2021.11.13"]
[Round "2.9"]
[White "Firouzja, Alireza"]
[Black "Saric, Ivan"]
[Result "1/2-1/2"]
[WhiteElo "2770"]
[BlackElo "2665"]
[Annotator "TA"]
[PlyCount "63"]
[EventDate "2021.11.08"]
[EventType "team-tourn"]
[EventCountry "SLO"]
[SourceTitle "playchess.com"]
[Source "ChessBase"]
[SourceQuality "1"]
[WhiteTeam "France"]
[BlackTeam "Croatia"]
[WhiteTeamCountry "FRA"]
[BlackTeamCountry "CRO"]

{[%evp 11,63,28,39,22,28,26,24,19,29,2,32,26,41,40,35,0,0,0,0,0,0,-2,4,0,0,0,0,
0,0,0,0,0,0,0,0,0,2,0,0,0,0,4,0,0,2,0,0,0,8,2,4,8,8,8]} 1. e4 c5 2. Nf3 d6 3.
d4 cxd4 4. Nxd4 Nf6 5. Nc3 a6 6. h3 g6 7. g4 {B90: Sicilian Najdorf: Unusual
White 6th moves, 6 Be3 Ng4 and 6 Be3 e5.} Nc6 8. Be3 Nxd4 9. Qxd4 {White has
an edge.} Bg7 $1 10. O-O-O {10.e5 is a critical line.} O-O 11. Qb4 {[#]} a5
$146 ({Predecessor:} 11... b5 12. e5 Ne8 13. Bg2 Rb8 14. Ba7 a5 15. Qd4 Bb7 16.
Bxb8 Bxg2 17. Qa7 Bxh1 18. Rxh1 Bxe5 {1/2-1/2 (57) Karthikeyan,M (2606)
-Sardana,R (2437) Caleta 2020}) 12. Qa3 Bd7 13. e5 Ne8 {The position is equal.}
({But not} 13... dxe5 $2 14. Bb5 $18) 14. Nd5 {[#] aiming for Bb6.} Bc6 $1 {
Hoping for ...e6.} 15. Bg5 Bxd5 16. Rxd5 Bxe5 {[#]} 17. Rxe5 $1 dxe5 18. Bxe7
Qd5 19. Rg1 Qd4 20. Qe3 Qxe3+ 21. fxe3 Nc7 22. Bxf8 Kxf8 $11 {[%mdl 4096]
Endgame KRB-KRN} 23. Bg2 Rb8 24. Rd1 Ke7 25. g5 b6 26. h4 Rd8 27. Rxd8 Kxd8 28.
c4 Ke7 29. Kc2 f6 30. gxf6+ Kxf6 31. Kb3 {With the idea Ka4.} Ke6 32. Ka4 {
Weighted Error Value: White=0.04/Black=0.03} 1/2-1/2

[Event "23rd ETCC Open 2021"]
[Site "Catez"]
[Date "2021.11.13"]
[Round "2.10"]
[White "Brkic, Ante"]
[Black "Vachier-Lagrave, Maxime"]
[Result "1/2-1/2"]
[WhiteElo "2599"]
[BlackElo "2766"]
[Annotator "TA"]
[PlyCount "72"]
[EventDate "2021.11.08"]
[EventType "team-tourn"]
[EventCountry "SLO"]
[SourceTitle "playchess.com"]
[Source "ChessBase"]
[SourceQuality "1"]
[WhiteTeam "Croatia"]
[BlackTeam "France"]
[WhiteTeamCountry "CRO"]
[BlackTeamCountry "FRA"]

{[%evp 23,72,35,32,23,29,0,0,0,0,0,0,0,0,0,0,0,0,0,0,0,0,0,0,0,8,7,36,26,30,33,
95,100,102,104,108,109,115,70,72,66,89,15,31,12,23,24,12,16,24,2,2]} 1. e4 c5
2. Nf3 d6 3. d4 cxd4 4. Nxd4 Nf6 5. Nc3 a6 6. Be3 e5 7. Nb3 Be6 8. f3 Be7 9.
Qd2 O-O 10. O-O-O Nbd7 11. g4 b5 12. g5 Nh5 $1 {[%mdl 4] is now more promising
than 12...b4.} 13. Kb1 {B90: Sicilian Najdorf: Unusual White 6th moves, 6 Be3
Ng4 and 6 Be3 e5.} Nb6 14. Nd5 (14. Na5 $5 {[%cal Ra5c6]} Rc8 15. Rg1 $11)
14... Nxd5 15. exd5 Bf5 16. Na5 f6 17. Nc6 Qd7 18. h4 fxg5 {was the old line 
(18...Ng3).} 19. hxg5 Ng3 20. Rh2 Nxf1 21. Rxf1 Rf7 22. Rhf2 Raf8 {[#]} 23. Qa5
$146 ({Predecessor:} 23. Rc1 Bg6 24. Rcf1 Bd8 25. b3 Qh3 26. Kb2 Bh5 27. Qb4
Bc7 28. a4 bxa4 29. Qxa4 {1/2-1/2 (37) Anokhin,Y (2397)-Florea,M (2462) ICCF
email 2016}) 23... Qc8 24. b3 Bd7 25. Nxe7+ Rxe7 26. Qb6 Bf5 (26... Qb8 $14)
27. Qxd6 $16 Rc7 {[%cal Rc7c2]} 28. Rc1 ({Much worse is} 28. Qxe5 $6 Re8 $11)
28... Re8 29. Qb4 Rd7 30. Rd2 Qb7 31. Rcd1 Red8 {[%cal Rd7d5]} 32. Kb2 (32. Qc5
$16) 32... Rxd5 $11 33. Rxd5 Rxd5 34. Rxd5 Qxd5 35. Qe7 {[%cal Re7e8] [#]} Qe6
36. Qxe6+ Bxe6 {Weighted Error Value: White=0.13/Black=0.08} 1/2-1/2

[Event "23rd ETCC Open 2021"]
[Site "Catez"]
[Date "2021.11.13"]
[Round "2.11"]
[White "Bacrot, Etienne"]
[Black "Bosiocic, Marin"]
[Result "1-0"]
[WhiteElo "2647"]
[BlackElo "2545"]
[Annotator "TA"]
[PlyCount "119"]
[EventDate "2021.11.08"]
[EventType "team-tourn"]
[EventCountry "SLO"]
[SourceTitle "playchess.com"]
[Source "ChessBase"]
[SourceQuality "1"]
[WhiteTeam "France"]
[BlackTeam "Croatia"]
[WhiteTeamCountry "FRA"]
[BlackTeamCountry "CRO"]

{[%evp 9,119,22,18,-14,20,0,13,11,16,16,14,14,16,20,16,7,6,0,12,-10,-8,-10,-11,
-17,-20,-18,-8,-16,-14,-16,-15,-25,0,-6,20,6,30,3,12,0,59,45,40,42,66,43,47,42,
83,65,79,61,96,46,58,4,79,76,95,80,83,82,213,193,212,195,212,190,183,0,58,0,
192,199,202,196,169,187,964,1035,1018,1029,906,952,774,757,885,731,575,538,
1437,1228,1408,1300,841,702,12835,12836,12834,12835,12849,12849,12850,27999,
27999,27999,27999,27999,27999,27999,27999,27999]} 1. Nf3 d5 2. g3 Bg4 3. Bg2 c6
4. h3 Bh5 5. c4 e6 6. O-O {A07: Réti Opening: New York and Capablanca Systems.}
Nf6 7. d3 Be7 8. Qb3 {The position is equal.} Qb6 9. Be3 Qxb3 10. axb3 {[#]}
Bxf3 $146 ({Predecessor:} 10... a6 11. g4 Bg6 12. Ne5 Nbd7 13. Nxg6 hxg6 14.
Nc3 O-O 15. d4 Ne8 16. f4 Nd6 {1/2-1/2 (37) Mikhalevski,V (2565)-Sargissian,G 
(2682) Chess.com INT 2020}) 11. Bxf3 Na6 {[%cal Bb8a6,Ba6c7,Bc7e6,Be6g5][%mdl
32]} 12. Nc3 O-O 13. cxd5 exd5 14. d4 Nc7 15. Bd2 Ne6 16. e3 Ng5 17. Bg2 h5 18.
f3 Ne6 19. Ne2 {[%cal Bc3e2,Be2c1,Bc1b3][%mdl 32]} Rfd8 20. Kf2 Ne8 (20... h4 {
is interesting.} 21. g4 a6 22. Kg1 Ne8 23. Ba5 Rdc8) 21. Nc1 c5 22. dxc5 Nxc5
23. b4 Ne6 24. Rd1 f5 ({Black should try} 24... Bf6 $11) 25. Nb3 Nf6 26. Bc3 h4
27. gxh4 f4 28. e4 Rac8 29. Nd4 ({Don't play} 29. Rxa7 $6 dxe4 30. Rxd8+ Bxd8
$11) (29. e5 {seems wilder.} Nh5 30. Bf1 a6 31. Bd3 Kf7 32. Ra5) 29... Nxd4 30.
Rxd4 a6 31. Kg1 Kf7 32. Rad1 (32. e5 $14 Nh5 33. Bf1) 32... Ke6 (32... Rc4 $1
$11 {keeps the balance.}) 33. h5 $36 {[%mdl 2048] White is really pushing.}
dxe4 34. fxe4 {Strongly threatening e5!} Rxd4 35. Rxd4 {Black must now prevent
e5!} Rd8 (35... a5 $16) 36. Rxd8 $18 Bxd8 {[%mdl 4096] Endgame KBB-KBN} 37. Bf3
$1 Bc7 38. Bg4+ Kf7 39. Bf3 (39. e5 $1 $18 {[%cal Re5f6]} Nd5 40. e6+ Kf8 41.
Bd4) 39... Ke6 $14 40. Bg4+ (40. e5 $14 Nd5 41. Bg4+ Ke7 42. Bd4) 40... Kf7 $1
$18 {Black is now going downhill.} 41. e5 $1 {[%cal Re5f6]} Nd5 {[#]} 42. e6+
$1 Kf8 {[#]} 43. Bd4 Bb6 $2 (43... Bd6) 44. Bxb6 Nxb6 {KB-KN} 45. Bf3 Ke7 46.
Bxb7 Kxe6 47. Bxa6 Kd6 48. Kf2 Nd5 49. b5 Nf6 50. h6 gxh6 51. Kf3 Nd5 52. Bb7
Nb4 53. Kxf4 Nd3+ 54. Kf5 Nxb2 55. Kg6 Ke7 56. Kxh6 Kf6 {White mates.} 57. Bd5
Na4 58. h4 Nb6 59. Bb3 Nd7 60. h5 {Weighted Error Value: White=0.13/Black=0.15}
1-0